000 00312nam a22001337a 4500
008 171124b xxu||||| |||| 00| 0 eng d
020 _a9780070213821
041 _aeng
080 _a070
100 _a39
101 _aMED
245 _aSOUND STUDIO CONSTRUCTION ON A BUDGET
_cEVEREST, F.A
942 _2udc
_cBK
999 _c38468
_d38468